| 000 | 00367nam a2200133Ia 4500 | ||
|---|---|---|---|
| 008 | 150202s9999 xx 000 0 und d | ||
| 020 | _a373058578 | ||
| 050 |
_aFIC _bFIC |
||
| 100 | _aMyers, Helen R. | ||
| 245 |
_aOnce upon a full moon / _cHelen R. Myers. |
||
| 260 |
_aNew York : _bSilhouette Books, _c1994. |
||
| 300 |
_a185 pages : _c18 cm. |
||
| 650 | _aFiction. | ||
| 999 |
_c282264 _d282264 |
||